期刊信息 |
| 索取号 |
H3/EE
|
| 题名 |
English Education
|
| 作者 |
MICHAEL T.MOORE
|
| 分册号 |
|
| 分册名 |
|
| 出版地 |
|
| 出版者 |
NATIONAL COUNCIL OF TEACHERS OF ENGLISH
|
| 标准刊号 |
0007-8204
|
| 出版频率 |
季刊
|
| 中图法分类 |
H3
|
| 主题词 |
外语 常用
|
| 电子资源 | |
| |
|
| 000 | 00792nas0 2200205 45 | |
| 001 | 0638852031 | |
| 005 | 20070416155910.64 | |
| 011 | @a0007-8204@dCNY 1178.00 | |
| 100 | @a20060227d km y0chiy0120 ea | |
| 101 | 0 | @aeng |
| 200 | 1 | @aEnglish Education@fMICHAEL T.MOORE |
| 207 | @aEnglish Education is published quarterly in October,January,April and July for the Conference on English Education by the National Council of Teachers of English. | |
| 210 | @cNATIONAL COUNCIL OF TEACHERS OF ENGLISH | |
| 300 | @aThe conference on English Education is an organization concerned with the process of educating teachers of English and language arts. | |
| 326 | @a季刊 | |
| 606 | 0 | @a外语@x常用 |
| 690 | @aH3@v4 | |
| 701 | 0 | @aMICHAEL T.MOORE |
| 801 | 0 | @aCN@bPFT@c20070416 |
| 905 | @aTJWY@dH3@eEE | |
| English Education/MICHAEL T.MOORE.-English Education is published quarterly in October,January,April and July for the Conference on English Education by the National Council of Teachers of English.-NATIONAL COUNCIL OF TEACHERS OF ENGLISH |
| The conference on English Education is an organization concerned with the process of educating teachers of English and language arts. |
| ISSN 0007-8204:CNY 1178.00 |
| ● |
| 相关链接: |
|
|
|
|